000 00953nam a22002297a 4500
005 20240530110517.0
008 160207s2010 ua abo f b 000 0 eng d
017 _a2010/1705
_bمصر . دار الكتب المصرية
020 _a9771025767
040 _aEG-CaGPL
082 0 4 _221
_a929.62
_bق/أ م
100 0 _aايمن محمد زغروت
245 1 0 _aمعجم قبائل مصر :
_bفى مطلع القرن الخامس عشر الهجرى و الالف الثالثة الميلادية /
_cايمن محمد زغروت
260 _aالقاهرة :
_bدار الفكر العربى ،
_c2010 .
300 _a958 ص :
_bايض ؛
_c24 سم .
504 _aيشتمل على ارجاعات ببليوجرافية
650 0 4 _aالقبائل
_zمصر
650 0 4 _aالقبائل العربية
_vمعاجم
650 0 4 _aالانساب العربية
_vمعاجم
942 _2ddc
_cBK
999 _c61809
_d61809